000 00855cam a2200241 a 4500
001 000019110
003 UkOxU
005 20200929165927.0
008 890807s1957 ve f000 e spa d
040 _aDO-SdBNP
_bspa
_cOxford
_dBNPHU
082 _a987.04
_bP259t
100 1 _aParra Pérez, Caracciolo,
_d1888-1963.
_941122
245 1 0 _aTrazos de historia venezolana /
_cC. Parra-Pérez.
260 _aCaracas, (Venezuela) :
_bMinisterio de Educación, Dirección de Cultura y Bellas Artes,
_c1957.
300 _a216 p. ;
_c18 cm.
490 1 _aBiblioteca Popular Venezolana
_v61
490 1 _aAzul
651 4 _aVenezuela
_xHistoria
_y1810
_96710
651 4 _aVenezuela
_xHistoria
_yGUERRA DE INDEPENDENCIA
_y1810-1823
_941123
830 0 _aBiblioteca Popular Venezolana :
_pAzul,
_v61
_941124
910 _aCatalogación derivada /Oxford
049 _aBNGR
999 _c18628
_d18628